Einführung in die Volkswirtschaftslehre
Gespeichert in:
| 1. Verfasser: | |
|---|---|
| Weitere Verfasser: | |
| Format: | Buch |
| Sprache: | Deutsch |
| Veröffentlicht: |
Berlin
Springer
1992
|
| Ausgabe: | 2. aktualisierte Aufl. |
| Schlagworte: | |
| Tags: |
Keine Tags, Fügen Sie das erste Tag hinzu!
|
MARC
| LEADER | 00000nam a2200000 4500 | ||
|---|---|---|---|
| 001 | c003488 | ||
| 005 | 20221221080120.1 | ||
| 020 | |a 3-540-55757-1 | ||
| 041 | 0 | |a ger | |
| 044 | |a DE | ||
| 245 | 1 | 0 | |a Einführung in die Volkswirtschaftslehre |c Horst Hanusch, Thomas Kuhn |
| 250 | |a 2. aktualisierte Aufl. | ||
| 264 | 1 | |a Berlin |b Springer |c 1992 | |
| 300 | |a 466 s. | ||
| 610 | 2 | 0 | |a hospodárstvo národné |
| 610 | 2 | 0 | |a veda ekonomická |
| 610 | 2 | 0 | |a teórie ekonomické |
| 610 | 2 | 0 | |a systémy ekonomické |
| 610 | 2 | 0 | |a mechanizmus trhový |
| 610 | 2 | 0 | |a ceny |
| 610 | 2 | 0 | |a politika hospodárska |
| 610 | 2 | 0 | |a makroekonomika |
| 610 | 2 | 0 | |a ponuka |
| 610 | 2 | 0 | |a dopyt |
| 610 | 2 | 0 | |a peniaze |
| 610 | 2 | 0 | |a metódy ekonomicko-matematické |
| 610 | 2 | 0 | |a mikroekonomika |
| 610 | 2 | 0 | |a rovnováha trhová |
| 610 | 2 | 0 | |a ekonómia blahobytu |
| 100 | 1 | |a Hanusch, Horst | |
| 700 | 1 | |a Kuhn, Thomas | |